Normal view
MARC view
Entry Personal Name
001 - CONTROL NUMBER
- control field: 1236176
003 - CONTROL NUMBER IDENTIFIER
- control field: OSt
005 - DATE AND TIME OF LATEST TRANSACTION
- control field: 20260430150013.0
008 - FIXED-LENGTH DATA ELEMENTS
- fixed length control field: 260430|| aca||aabn | a|a d
040 ## - CATALOGING SOURCE
- Original cataloging agency: OSt
- Transcribing agency: OSt
100 ## - HEADING--PERSONAL NAME
- Personal name: Sharma Nikita Au.; Khurana Paramjit Gu
670 ## - SOURCE DATA FOUND
- Source citation: Work cat.: (OSt)1848706: Sharma Nikita Au.; Khurana Paramjit Gu., Molecular investigations during somatic embryogenesis and genome-wide analysis of taSERKs, TaBRII, TaARFs and TaAuXs Genes in wheat, 2022
